00664nam a22001697a 4500003000900000008004100009040007100050082001800121100002300139245008200162260003300244300005700277505012100334650001800455650001200473650000900485AR-CdUCM190606b ||||| |||| 00| 0 spa d aMUNICIPALIDAD PROVINCIAL DEL CUSCOcBIBLIOTECA MUNICIPAL DEL CUSCO a918.4 / bT73 aTorres Lopez, Ciro aLas maravillosas tierras del Acre :bEn la floresta amazónica de Bolivia /  aLa Paz : bDon Bosco,c1930. a747 páginas; bMapa de sur América 1929.c20 cm. aContenido: Carta de S. E. el Sr. Presidente de la República de Bolivia -- El maleficio -- La ilustre Chuquisaca... aSur América aBolivia aAcre